1848 1008 1515 1078 1232 1203 1052 1457 1420 1332 1548 1392 1021 1164 1619 1089 1020 1808 1886 1729 1107 1842 1779 1438 1010 1542 1339 1111 1750 1116 1696 1835 1305 1251 1528 1310 1913 1795 1450 1890 1002 1019 1367 1703 1406 1485 1025 1819 1962 1522 1049 1124 1984 1655 1152 1894 1978 1498 1044 1460 1018 1553 1264 1374 1441 1715 1728 1453 1760 1143 1652 1067 1951 1974 1765 1445 1379 1828 1368 1869 1098 1299 1423 1537 1861 1095 1718 1141 1728 1663 1549 1277 1104 1571 1307 1281 1022 1232 1333 BCNSPRNW ULIB Ver.6.0+V

เปลี่ยนเป็นภาษาไทย

Change to English
 แสดงรายละเอียดบรรณานุกรม
  กลับหน้าหลัก

Brief Record : Get Marc (ISO 2709) : E-mail record : QR code < ปิดหน้าต่าง
LEADER : 00000nam 2200000uu 4500
001    13399128886
003     ULIB
008    241024s2024||||th 000 0 tha d
020    ^a9780323672252
060 04 ^aWY18.2^bC797
245 00 ^aCore curriculum for maternal-newborn nursing /^cedited by Brenda J Baker, Jill Janke
250    ^a6th ed.
260    ^aSaint Louis, MO :^bElsevier,^c2024
300    ^axii, 483p. :^bill. ;^c28 cm.
504    ^aIncludes bibliographical references and index
650  0 ^aMaternity nursing^vOutlines, syllabi, etc.
650  0 ^aNursing^xStudy and teaching^vOutlines, syllabi, etc.
650  2 ^aCurriculum^vOutlines
650  2 ^aMaternal-Child Nursing^vOutlines
700 1  ^a Brenda J Baker
700 1  ^a Jill Janke
945    ^p3017^l0^i011133
999    ^aประนอม เกษจรัล
รายการนี้ยังไม่มีแท็ก
คุณยังไม่ได้ล็อกอิน คุณสามารถมีกิจกรรมร่วมกับเว็บไซต์ได้ แต่ต้องล็อกอินก่อน ::
  ล็อกอิน

รายการสื่อสารสนเทศ

ลำดับที่ ประเภท เลขเรียก/บาร์โค้ด สถานที่ สถานะ
1. Book การพยาบาล
หนังสือสำรอง
สถานะ=หนังสือสำรอง
WY18.2 C797 ฉ.1 
  Barcode: 011133
ห้องสมุดวิทยาเขตสวรรค์ประชารักษ์
►หนังสือทั่วไป
บนชั้น

BibComment


ยังไม่เคยถูกคอมเมนท์

คอมเมนท์ทรัพยากรรายการนี้
  คอมเมนท์: Core curriculum ..


 Copyright 2026. Bcnsprnw @Library